Historia de las literaturas de vanguardia / (Record no. 175843)

MARC details
000 -LEADER
campo de control de longitud fija 00610nam a22001935i 4500
001 - NÚMERO DE CONTROL
campo de control 175843
003 - IDENTIFICADOR DE NÚMERO DE CONTROL
campo de control ES-MaACL
005 - FECHA Y HORA DE LA ÚLTIMA TRANSACCIÓN
campo de control 20230906215929.0
008 - DATOS DE LONGITUD FIJA--INFORMACIÓN GENERAL
campo de control de longitud fija 101124s1965 sp f |||| | spa d
080 ## - NÚMERO DE LA CLASIFICACIÓN DECIMAL UNIVERSAL
Número de la Clasificación Decimal Universal 8.09"19"
100 1# - ENTRADA PRINCIPAL--NOMBRE DE PERSONA
Nombre de persona Torre, Guillermo de (
Fechas asociadas al nombre 1900-1971)
9 (RLIN) 110740
245 10 - MENCIÓN DEL TÍTULO
Título Historia de las literaturas de vanguardia /
Mención de responsabilidad, etc. Guillermo de Torre.
260 ## - PUBLICACIÓN, DISTRIBUCIÓN, ETC.
Lugar de publicación, distribución, etc. Madrid :
Nombre del editor, distribuidor, etc. Guadarrama,
Fecha de publicación, distribución, etc. D. L. 1965.
300 ## - DESCRIPCIÓN FÍSICA
Extensión 946, [56] p. de lám. bl. y n. ;
Dimensiones 22 cm.
500 ## - NOTA GENERAL
Nota general Índice.
504 ## - NOTA DE BIBLIOGRAFÍA, ETC.
Nota de bibliografía, etc. Bibliografía.
650 #4 - PUNTO DE ACCESO ADICIONAL DE MATERIA--TÉRMINO DE MATERIA
Término de materia o nombre geográfico como elemento de entrada Literatura-
Subdivisión cronológica S.XX-
Subdivisión general Historia y crítica.
9 (RLIN) 139829
852 ## - LOCALIZACIÓN
Ubicación ES-MaACL
Número de control de estantería E-13668
Holdings
Estatus retirado Estado de pérdida Estado de daño No para préstamo Biblioteca de origen Biblioteca actual Ubicación en estantería Fecha de adquisición Fuente de adquisición Total de préstamos Signatura topográfica completa Código de barras Visto por última vez Precio de reemplazo Tipo de ítem Koha
        Biblioteca del Ateneo de Madrid Biblioteca del Ateneo de Madrid Depósito 2 24/11/2010     E-13668 1184657 23/02/2023 23/02/2023 Libro impreso